Rabindranath Tagore (Record no. 49654)
[ view plain ]
| 000 -LEADER | |
|---|---|
| fixed length control field | 003160000a22001450004500 |
| 001 - CONTROL NUMBER | |
| control field | 000347 |
| 003 - CONTROL NUMBER IDENTIFIER | |
| control field | MACL |
| 040 ## - CATALOGING SOURCE | |
| Original cataloging agency | MACL |
| 090 ## - LOCALLY ASSIGNED LC-TYPE CALL NUMBER (OCLC); LOCAL CALL NUMBER (RLIN) | |
| -- | 347 |
| -- | 347 |
| 100 ## - MAIN ENTRY--PERSONAL NAME | |
| Personal name | Dutta, Krishna |
| 245 ## - TITLE STATEMENT | |
| Title | Rabindranath Tagore |
| Remainder of title | An Anthology |
| Statement of responsibility, etc. | Krishna Dutta |
| 260 ## - PUBLICATION, DISTRIBUTION, ETC. (IMPRINT) | |
| Place of publication, distribution, etc. | Picador, |
| Date of publication, distribution, etc. | 1997 |
| 650 ## - SUBJECT ADDED ENTRY--TOPICAL TERM | |
| Topical term or geographic name as entry element | Biography |
| 942 ## - ADDED ENTRY ELEMENTS (KOHA) | |
| Call number prefix | 920 |
| Koha item type | Library Membar |
No items available.









